Manchester City 2022/2023 xl - Statistics

General Stats
  • This quiz has been taken 63 times
  • The average score is 15 of 24
Answer Stats
# Player % Correct
31 Ederson
91%
5 Stones
87%
47 Foden
85%
2 Walker
85%
17 Kevin De Bruyne
82%
16 Rodri
78%
10 Grealish
76%
20 Silva
76%
3 Dias
75%
14 Laporte
73%
7 Sterling
73%
8 Gundogan
71%
26 Mahrez
71%
6 Ake
67%
27 Cancelo
67%
9 Jesus
65%
# Guardiola
47%
25 Fernandinho
45%
33 Carson
42%
11 Zinchenko
38%
13 Steffen
35%
87 McAtee
20%
48 Delap
18%
79 Mbete-Tabu
0%
No matching quizzes found
Score Distribution
Percent of People with Each Score
Percentile by Number Answered
Your Score History
You have not taken this quiz